000 02549nam a2200145Ia 4500
005 20260209120130.0
008 260209s9999||||xx |||||||||||||| ||und||
100 _aVinly Sarah Abraham
245 0 _aLegal services in a globalised world : a critical review in the light of the general agreement on trade in services
260 _aBangaloreBangalore
_bNLSIU
_c2011
300 _a96 p. ; 25 cm.
505 _aCONTENTS 1. INTRODUCTORY BRIEF ; RESEARCH METHODOLOGY ; 2. EVOLUTION OF THE LEGAL PROFESSION: A JOURNEY TO THE PRESENT ; EVOLUTION OF LEGAL PROFESSION IN INDIA: A BRIEF ACCOUNT ; A PRELUDE TO THE ADVOCATES ACT ; CONDITIONS FOR PRACTICE: THE ADVOCATES ACT, 1961 ; 3. GENERAL AGREEMENT ON TRADE IN SERVICES: AN ACCOUNT ; GATS: A TOUCH OF THE KNOWN ; Modes of Trade in Services ; General Obligations and Specific Commitments ; Most Favoured Nation ; National Treatment. ; Market Access ; Domestic regulation ; Administrative Machinery ; Continuing Negotiations ; CURRENT STATUS OF SERVICE NEGOTIATIONS WITH RESPECT TO INDIA ; TRADE IN SERVICES: THE STATISTICS ; Need for liberalisation.in Trade in Services ; UNDERSTANDING LEGAL SERVICES . ; PLURILATERAL REQUEST TO UNDERTAKE A COMMITMENT ; 4. DOMESTIC REGULATIONS ON FOREIGN LEGAL; PRESENCE: ANALYSIS OF THE SUBTLE ISSUES ; FOREIGN FIRMS IN INDIA: A MERE SHADOW ; Liaison offices ; Tie-ups and Best Friend Arrangement ; Based in Regional Offices ; LEGAL PROCESS OUTSOURCING: THE COVETED INDIAN MARKET ; THE LEGAL BAR FOR FOREIGN LA WYERS: THE JUDICIAL REASONING ; LIMITATIONS OR CONDITIONS IN REGULATIONS vis-à-vis; FOREIGN LA WYERS AND DEVELOPMENT ; Restrictions of Partners to 20 ; Unlimited Liability on Partners ; Limitation on Multidisciplinary Growth ; Ban on Advertisements ; Reticence from the Indian Professionals ; SOCIO-POLITICAL REASONS FOR THE RESTRICTIONS: A CONCISE CRITIQUE; Lack of Competence ; Inability to share Cultural Aspirations ; Cost-elevation of litigation ; 5. COMPARATIVE ANALYSIS OF THE GATS COMMITMENT; ON AN INTERNATIONAL FIELD ; UNITED STATES AMERICA ; JAPAN ; SINGAPORE ; CHINA ; 6. OPENING UP THE INDIAN LEGAL MARKET TO THE INTERNATIONAL COMPETITION ; REMOVAL OF THE LIMIT ON 20 PARTNERS ; Limited Liability partners ; AMENDMENT OF BAR COUNCIL RULE AGAINST ADVERTISING ; LIMITATIONS: MARKET ACCESS, NATIONAL TREATMENT; AND ADDITIONAL COMMITMENTS ; STANDARDS LAID DOWN BY IBA ; 7. CONCLUDING REMARKS ; 8. BIBLIOGRAPHY .
700 _aProf. (Dr.) T Ramakrishna - GuideProf. (Dr.) T Ramakrishna - Guide
856 _uhttps://dans.nls.ac.in/handle/123456789/1895
999 _c217003
_d217003